[Event "Reykjavik op"]
[Site "Reykjavik"]
[Date "2023.04.04"]
[Round "9"]
[White "Ricken, Katharina"]
[Black "Grigoriev, Dmitriy"]
[Result "1/2-1/2"]
[WhiteElo "2205"]
[BlackElo "1969"]
[PlyCount "120"]
[EventDate "2023.03.29"]
[EventType "swiss"]
[EventRounds "9"]
[EventCountry "ISL"]
[SourceTitle "EXT 2024"]
[Source "ChessBase"]
[SourceDate "2023.10.10"]
[SourceVersion "1"]
[SourceVersionDate "2023.10.10"]
[SourceQuality "1"]

1. Nf3 e6 2. g3 b6 3. Bg2 Bb7 4. c4 c5 5. 0-0 d5 6. cxd5 Bxd5 7. Nc3 Bb7 8. d4 cxd4 9. Qxd4 Qxd4 10. Nxd4 Bxg2 11. Kxg2 a6 12. Be3 Nf6 13. Rfd1 Be7 14. Rac1 Nbd7 15. f3 0-0 16. Nc6 Rfe8 17. Bf2 Bf8 18. b4 Rec8 19. Na4 b5 20. Nb2 Nd5 21. a3 f5 22. e4 fxe4 23. fxe4 N5f6 24. Re1 Kf7 25. Nd3 h6 26. Rc2 Ke8 27. Kf3 Rc7 28. Rec1 Rac8 29. g4 Bd6 30. h4 h5 31. gxh5 Nxh5 32. Bd4 Nb8 33. Na7 Rxc2 34. Nxc8 Rxc1 35. Nxd6+ Kd7 36. Nxc1 Kxd6 37. Kg4 Nf6+ 38. Bxf6 gxf6 39. Nd3 Nc6 40. Kh5 Ke7 41. Kg6 f5 42. exf5 exf5 43. Kxf5 a5 44. Kg6 axb4 45. axb4 Kf8 46. Kf6 Kg8 47. Kg6 Ne7+ 48. Kg5 Kh7 49. Nf4 Nc6 50. Nd5 Ne5 51. h5 Nf3+ 52. Kf4 Nd4 53. Kg4 Kh6 54. Ne7 Nc2 55. Nc6 Ne3+ 56. Kh4 Nf5+ 57. Kg4 Ne3+ 58. Kf4 Nd5+ 59. Ke5 Nxb4 60. Nxb4 Kxh5 1/2-1/2

[Event "Reykjavik op"]
[Site "Reykjavik"]
[Date "2023.03.30"]
[Round "2"]
[White "Grigoriev, Dmitriy"]
[Black "Domalchuk Jonasson, Aleksandr"]
[Result "1/2-1/2"]
[WhiteElo "1969"]
[BlackElo "2318"]
[PlyCount "145"]
[EventDate "2023.03.29"]
[EventType "swiss"]
[EventRounds "9"]
[EventCountry "ISL"]
[SourceTitle "CBM 213 Extra"]
[Source "ChessBase"]
[SourceDate "2023.05.31"]
[SourceVersion "1"]
[SourceVersionDate "2023.05.31"]
[SourceQuality "1"]

1. e4 c5 2. d4 cxd4 3. Qxd4 Nc6 4. Qd3 Nf6 5. Nc3 d6 6. Nf3 g6 7. Be2 Bg7 8. 0-0 0-0 9. Nd5 Nxd5 10. exd5 Bf5 11. Qd1 Nb4 12. c3 Na6 13. Be3 Nc5 14. Bd4 Bh6 15. Re1 a5 16. Bb5 Rc8 17. Qe2 e5 18. dxe6 fxe6 19. Bc4 d5 20. Qe5 Kf7 21. Rad1 Rg8 22. Bxc5 Rxc5 23. Bd3 Re8 24. Qd4 Rc8 25. Bxf5 gxf5 26. Rd3 Bg7 27. Qf4 Rc4 28. Ne5+ Bxe5 29. Qxe5 Rg4 30. Rh3 Kg8 31. g3 Rg6 32. Rh5 Rf8 33. Qf4 Qf6 34. Qc7 Rf7 35. Qe5 Qxe5 36. Rxe5 Rc7 37. Rh4 b5 38. Rd4 Rc4 39. Rxc4 bxc4 40. b3 cxb3 41. axb3 f4 42. Kg2 Kf7 43. c4 Kf6 44. Rh5 fxg3 45. hxg3 dxc4 46. bxc4 Rg5 47. Rh6+ Kg7 48. Rxe6 Rc5 49. Ra6 Rxc4 50. Rxa5 Rc2 51. Ra6 Rb2 52. Kf3 Rc2 53. Ke3 Rc3+ 54. Kf4 Rc4+ 55. Kf5 Rc5+ 56. Kg4 Rc7 57. f4 Rb7 58. f5 Rc7 59. Kg5 Rb7 60. g4 Rc7 61. Kh5 Rb7 62. g5 Rb1 63. Ra7+ Kg8 64. g6 Rh1+ 65. Kg5 Rg1+ 66. Kf6 hxg6 67. Rg7+ Kf8 68. Rxg6 Ra1 69. Rg2 Ra6+ 70. Kg5 Kg7 71. Kf4+ Kf7 72. Rh2 Ra1 73. f6 1/2-1/2

[Event "Moscow Petrosian Memorial op"]
[Site "Moscow"]
[Date "2015.01.12"]
[Round "9"]
[White "Makarian, Rudik"]
[Black "Grigoriev, Dmitriy"]
[Result "0-1"]
[WhiteElo "1812"]
[BlackElo "1962"]
[PlyCount "76"]
[EventDate "2015.01.04"]
[EventType "swiss"]
[EventRounds "9"]
[EventCountry "RUS"]
[SourceTitle "CBM 164 Extra"]
[Source "ChessBase"]
[SourceDate "2015.03.02"]
[SourceVersion "1"]
[SourceVersionDate "2015.03.02"]
[SourceQuality "1"]

1. d4 Nf6 2. c4 c5 3. Nf3 cxd4 4. Nxd4 g6 5. g3 Bg7 6. Bg2 Nc6 7. 0-0 0-0 8. Nc3 Qb6 9. Nb3 d6 10. Be3 Qc7 11. Rc1 b6 12. Bg5 Qd7 13. Qd2 Rd8 14. Rfd1 Bb7 15. c5 dxc5 16. Qf4 Qc8 17. Bxf6 Bxf6 18. Nd5 Bxb2 19. Rc2 Be5 20. Qh4 e6 21. Bh3 Qb8 22. Ne3 Rxd1+ 23. Nxd1 Qd8 24. Qxd8+ Rxd8 25. Ne3 Nb4 26. Rd2 Rxd2 27. Nxd2 Nxa2 28. Nec4 Bc3 29. Nb1 b5 30. Nd6 Bc6 31. Bg2 Bxg2 32. Kxg2 b4 33. Nb7 Bd4 34. e3 c4 35. exd4 c3 36. Nxc3 bxc3 37. Nc5 c2 38. Nb3 a5 0-1

[Event "Moscow Petrosian Memorial op"]
[Site "Moscow"]
[Date "2015.01.11"]
[Round "8"]
[White "Grigoriev, Dmitriy"]
[Black "Ulker, Tolga"]
[Result "1/2-1/2"]
[WhiteElo "1962"]
[BlackElo "1793"]
[PlyCount "128"]
[EventDate "2015.01.04"]
[EventType "swiss"]
[EventRounds "9"]
[EventCountry "RUS"]
[SourceTitle "CBM 164 Extra"]
[Source "ChessBase"]
[SourceDate "2015.03.02"]
[SourceVersion "1"]
[SourceVersionDate "2015.03.02"]
[SourceQuality "1"]

1. e4 c5 2. c3 d5 3. exd5 Qxd5 4. d4 Nf6 5. Nf3 Bg4 6. Be2 e6 7. 0-0 Nc6 8. Be3 cxd4 9. cxd4 Be7 10. Nc3 Qd6 11. h3 Bh5 12. Qd2 0-0 13. Rac1 Rac8 14. Rfd1 Rfd8 15. a3 Nd5 16. b4 Nxc3 17. Rxc3 Bf6 18. Rdc1 h6 19. g4 Bg6 20. g5 hxg5 21. Bxg5 Ne7 22. Bxf6 gxf6 23. Bd3 Rxc3 24. Rxc3 Nd5 25. Rb3 Kg7 26. Nh4 Rh8 27. Nxg6 fxg6 28. Bf1 Rh5 29. Rg3 Qc7 30. Qe2 Nf4 31. Qf3 Rd5 32. Qe4 f5 33. Qe3 Qd6 34. Qf3 b6 35. Qh1 Rxd4 36. Rc3 Nd5 37. Re3 e5 38. h4 Kh6 39. Rd3 Rxd3 40. Bxd3 Nf4 41. Qa8 Qf6 42. Bf1 Qg7 43. a4 Kh7 44. a5 Qc7 45. axb6 axb6 46. b5 Kg7 47. Qe8 e4 48. Qa8 Qd6 49. Qa7+ Kh6 50. Qa1 Kh5 51. Qh8+ Kg4 52. Qc3 Kxh4 53. Qg3+ Kh5 54. Qe3 g5 55. Qg3 Kg6 56. Qh2 Qd4 57. Qg3 Qd1 58. Qa3 Qg4+ 59. Kh2 Ne6 60. Qe7 Qf4+ 61. Kg1 Qe5 62. Bc4 Qa1+ 63. Kh2 Qh8+ 64. Kg1 Qa1+ 1/2-1/2

[Event "Moscow Petrosian Memorial op"]
[Site "Moscow"]
[Date "2015.01.07"]
[Round "4"]
[White "Pesotskiy, Mikhail"]
[Black "Grigoriev, Dmitriy"]
[Result "1-0"]
[WhiteElo "1886"]
[BlackElo "1962"]
[PlyCount "53"]
[EventDate "2015.01.04"]
[EventType "swiss"]
[EventRounds "9"]
[EventCountry "RUS"]
[SourceTitle "CBM 164 Extra"]
[Source "ChessBase"]
[SourceDate "2015.03.02"]
[SourceVersion "1"]
[SourceVersionDate "2015.03.02"]
[SourceQuality "1"]

1. c4 e5 2. Nc3 Nf6 3. g3 c6 4. Nf3 e4 5. Nd4 Qb6 6. Nb3 a5 7. Na4 Qd8 8. Bg2 d5 9. cxd5 cxd5 10. Nd4 Nc6 11. Nxc6 bxc6 12. 0-0 Bd6 13. d3 exd3 14. exd3 0-0 15. Qc2 Qc7 16. Be3 Nd7 17. Rfc1 Ne5 18. Bxd5 cxd5 19. Qxc7 Bxc7 20. Rxc7 Nxd3 21. Nb6 Rb8 22. Nxd5 Nxb2 23. Ba7 Be6 24. Ne7+ Kh8 25. Bxb8 Rxb8 26. Nc6 Rb6 27. Nxa5 1-0